000 00885nas a2200325 4500
001 BR0707437
003 BR-BrBNA
005 20231205111042.0
007 ta
008 230509b bl.|||p| |||| 00| 00por d
040 _aBR-BrBNA
_bpor
_cBiblioteca Nacional de Agricultura
041 _a(Pt)
072 _aE16
100 1 _aNeves, M.F.
100 1 _aLopes, F.F.
100 1 _aTrombin, V.G.
100 1 _aAmaro, A.A.
100 1 _aNeves, E.M.
100 1 _aJank, M.S.
245 1 _aCitros; mudanças geográficas
650 _aFRUTA CÍTRICA
650 _aESTATÍSTICA DE PRODUÇÃO
650 _aPRODUTIVIDADE
650 _aCLIMA
650 _aDISTRIBUIÇÃO GEOGRÁFICA
650 _aSÃO PAULO
773 0 _tAgroanalysis (Brazil)
_xISSN 0100-4298
_g(Jul 2007), v. 27(7) p. 12-16
_wBR0707437
909 _a202311
_bLúcia
_c55
_dLúcia Elande
942 _2AGRIS
_n0
_cANA
999 _c190352
_d190352